Краткий словарь делового человека

Bibliografiset tiedot
Päätekijä: Евдокимова Т. Г. Тамара Григорьевна
Muut tekijät: Маховикова Г. А. Галина Афанасьевна
Yhteenveto:Исключено из фонда НТБ ТПУ
Kieli:venäjä
Julkaistu: Москва, Финансы и статистика, 1991
Aineistotyyppi: MixedMaterials Kirja
KOHA link:https://koha.lib.tpu.ru/cgi-bin/koha/opac-detail.pl?biblionumber=145003

MARC

LEADER 00000nam0a2200000 4500
001 145003
005 20231031143909.0
010 |a 5279008540 
020 |a RU  |b 91-50160 
035 |a (RuTPU)RU\TPU\book\157158 
090 |a 145003 
100 |a 20081010d1991 m a0rusy5003 ca 
101 0 |a rus 
102 |a RU 
105 |a y e 001zy 
200 1 |a Краткий словарь делового человека  |f Т. Г. Евдокимова, Г. А. Маховикова 
210 |a Москва  |c Финансы и статистика  |d 1991 
215 |a 124, [2] с.  |d 16 см. 
320 |a Алф. указ.: с. 118-125. 
333 |a Исключено из фонда НТБ ТПУ 
700 1 |a Евдокимова  |b Т. Г.  |g Тамара Григорьевна  |4 070 
701 1 |a Маховикова  |b Г. А.  |g Галина Афанасьевна  |4 070 
801 0 |a RU  |b RuMRKP  |c 19950417  |g psbo 
801 1 |a RU  |b 63413507  |c 20081010  |g PSBO 
801 2 |a RU  |b 63413507  |c 20170124  |g PSBO 
942 |c BK